[Event "3rd Sharjah Masters 2019"]
[Site "Sharjah"]
[Date "2019.03.22"]
[Round "1.28"]
[White "Salem Eid, Ahmed"]
[Black "Vishnu Prasanna. V"]
[Result "0-1"]
[WhiteElo "2133"]
[BlackElo "2524"]
[Annotator "TA"]
[PlyCount "134"]
[EventDate "2019.03.22"]
[EventType "swiss"]
[EventCountry "UAE"]
[SourceTitle "playchess.com"]
[Source "ChessBase"]
[SourceQuality "1"]

{[%evp 9,134,28,34,35,29,30,47,39,82,-131,79,33,104,96,111,11,10,8,0,11,186,199,198,194,188,87,90,83,86,54,96,92,94,103,90,89,103,82,102,0,0,0,0,0,0,0,0,0,0,0,118,132,230,117,117,117,117,117,230,230,230,228,103,0,0,0,0,-8,-8,-8,-8,-8,-8,-8,-8,-8,-8,-8,0,0,0,0,0,0,0,-327,-323,-1123,-1132,-1853,-1673,-1975,-1896,-1360,-12677,-12847,-29942,-12849,-29937,-12841,-12844,-12729,-9861,-29967,-29966,-29951,-12835,-29977,-29976,-29976,-29977,-29981,-29982,-29985,-29986,-29986,-29987,-29987,-29988,-29988,-29989,-29989,-29990,-29990,-29991,-29993,-29994]} 1. e4 g6 2. d4 Bg7 3. f4 d5 4. e5 Nh6 5. Nf3 O-O 6. Be2 {B06: Modern Defence} (6. Bd3 Bg4 7. Nbd2 c5 8. dxc5 f6 9. h3 Bxf3 10. Nxf3 fxe5 11. fxe5 Nc6 12. Bd2 e6 13. O-O Nf7 {½-½ (13) Prie,E (2516)-Moskalenko,V (2531) Catalunya 2013}) 6... c5 7. dxc5 Qa5+ 8. Nc3 {White is slightly better.} Rd8 {With the idea ...d4.} 9. Be3 $146 {[#]} (9. Nd4 $16 {keeps the pressure on.}) ({Predecessor:} 9. Nd4 Qxc5 10. Be3 Nc6 11. O-O Nxd4 12. Bxd4 Qa5 13. Bd3 {0-1 (38) Vuckovic,M (1834)-Miljanic,B (2370) Niksic 2016}) 9... Nf5 $2 (9... d4 $1 $17 {[%cal Rd4c3][%mdl 512] stays on course.} 10. Nxd4 (10. Bxd4 $2 Nc6 $19) 10... Nf5) 10. Qd2 $1 $16 Nc6 ({Better is} 10... Nxe3 $14 11. Qxe3 g5) 11. Bf2 $1 $36 {[%mdl 2048] White is on the roll.} Bh6 {next ...d4 is good for Black.} 12. g4 (12. g3 $1 $16) 12... d4 $11 13. Nd1 {Qxa5 is the strong threat.} Qxd2+ $1 14. Nxd2 Ne3 $2 (14... Nb4 $11 15. Bd3 Ne3 16. Nxe3 dxe3 17. Bxe3 Bxg4) 15. Nxe3 $18 dxe3 16. Bxe3 Nb4 17. Kf2 (17. O-O-O $18 {and White stays clearly on top.}) 17... Nxc2 $16 18. Rad1 Be6 19. Nc4 Rdc8 20. g5 Bf8 21. Rc1 Nxe3 22. Nxe3 Bxa2 23. Bf3 Rc7 24. Bd5 (24. Rhd1 $16) 24... Bxd5 $11 25. Nxd5 Rd7 26. Rhd1 {And now Nf6+! would win.} Rad8 27. Nc3 Rxd1 28. Rxd1 Rxd1 29. Nxd1 {[%mdl 4096] Endgame KB-KN} e6 (29... f6 $11 {remains equal.}) 30. b4 $16 Be7 {[#]} (30... h6 $16 {is a better defense.}) 31. Nb2 (31. Ke3 $1 $18) 31... b5 32. Ke2 Kf8 33. Nd1 Ke8 (33... Bd8 $16) 34. Nc3 $18 a6 35. Kd3 Kd7 {[#]} (35... Bd8 $18 36. Ne2 Kd7) 36. Kd4 (36. Ne4 $1 $16) 36... Bd8 $1 $11 37. Ne4 a5 $1 38. bxa5 Bxa5 39. Nd6 Kc6 40. Nxf7 Be1 41. Nd8+ Kd7 42. Nb7 Bf2+ 43. Kd3 Kc6 44. Nd8+ Kd5 45. c6 {c7 would kill now.} Bb6 46. Nf7 Kxc6 47. Nd6 $2 {[%mdl 8192]} (47. Nh6 $1 $11) 47... Bg1 $19 48. Ne8 $2 (48. h3 Bh2 49. Ne4) 48... Bxh2 49. Nf6 Bxf4 50. Nxh7 Kd5 51. Nf8 Bxg5 52. Nxg6 b4 53. Kc2 Ke4 (53... Kd4 $19 54. Kb2 Bd2) 54. Kb3 Bd2 55. Kc4 Bc3 56. Ne7 Kxe5 57. Kd3 Kd6 58. Nc8+ Kc5 {Black mates.} 59. Ne7 Bf6 60. Ng6 e5 61. Kc2 Kc4 62. Kb1 b3 63. Kc1 e4 64. Kb1 Kd3 65. Nf4+ Kd2 66. Nd5 e3 67. Nxe3 Kxe3 {Accuracy: White = 36%, Black = 57%.} 0-1

[Event "3rd Sharjah Masters 2019"]
[Site "Sharjah"]
[Date "2019.03.22"]
[Round "1.29"]
[White "Kuybokarov, Temur"]
[Black "Galindo, Joseph"]
[Result "1-0"]
[WhiteElo "2519"]
[BlackElo "2049"]
[Annotator "TA"]
[PlyCount "51"]
[EventDate "2019.03.22"]
[EventType "swiss"]
[EventCountry "UAE"]
[SourceTitle "playchess.com"]
[Source "ChessBase"]
[SourceQuality "1"]

{[%evp 10,51,9,10,34,21,17,7,20,9,33,7,61,18,21,20,14,-12,0,29,26,18,17,0,0,0,0,0,0,0,0,0,160,80,100,91,179,180,486,491,481,480,639,640]} 1. d4 Nf6 2. c4 e6 3. Nf3 b6 4. g3 Ba6 5. Qa4 Bb7 6. Bg2 Be7 {E15: Queen's Indian: 4 g3 sidelines, 4 g3 Ba6 and 4 g3 Bb7 early deviations} (6... c5 7. dxc5 bxc5 8. O-O Be7 9. Nc3 O-O 10. Rd1 Qb6 11. Bf4 d6 12. Rab1 Nbd7 13. b4 Rfb8 14. a3 h6 15. h3 a6 16. Qa5 Qxa5 17. bxa5 Ne8 18. Ne5 Nxe5 19. Bxb7 Nxc4 20. Bxa8 Rxa8 {0-1 (49) Xu,Y (2545)-Jakovenko,D (2732) China 2018}) 7. Nc3 O-O 8. Bf4 d6 {The position is equal.} 9. Qc2 Nc6 $146 ({Predecessor:} 9... Nbd7 10. Rd1 a6 11. h4 Rb8 12. e4 Nh5 13. Bc1 Nhf6 14. e5 dxe5 15. dxe5 Ng4 16. Ng5 f5 17. Bxb7 Rxb7 18. Nxe6 Qe8 19. Nxf8 Bxf8 {½-½ (18) Pilgrim,W (1486)-Baranowsky,P (1963) Berlin 2012}) 10. Rd1 Qc8 (10... d5 $11) 11. O-O d5 12. Ne5 Nb4 13. Qb1 dxc4 14. e4 Ba6 15. a3 $36 {[%mdl 2048] Black is under pressure.} Nd3 $1 16. Nc6 Qd7 17. e5 Nd5 $1 18. Nxd5 exd5 19. Bxd5 Rae8 20. Bg2 f6 $2 {[#]} ({Better is} 20... Bb5 $11 21. Nxe7+ Rxe7) 21. Be3 ({White should try} 21. Rxd3 $1 cxd3 22. Qa2+ Kh8 23. e6) 21... Kh8 22. b3 {[%cal Bb2b3,Bb3c4][%mdl 32] Strongly threatening bxc4.} ({Much weaker is} 22. Nxa7 fxe5 23. Bc6 Qh3 $15) 22... b5 {[#]} (22... Bb7 $16) 23. a4 $1 $18 {[%cal Ba3a4,Ba4b5][%mdl 32]} Nb4 $2 (23... fxe5 24. axb5 (24. dxe5 Qe6 $16) (24. Nxe5 Nxe5 25. dxe5 Qe6 $16) 24... Bxb5) 24. Nxb4 {White is clearly winning.} Bxb4 25. bxc4 Qe7 26. axb5 {Accuracy: White = 55%, Black = 29%.} 1-0

[Event "3rd Sharjah Masters 2019"]
[Site "Sharjah"]
[Date "2019.03.22"]
[Round "1.30"]
[White "Shanya Mishra"]
[Black "Venkatesh, M.R."]
[Result "0-1"]
[WhiteElo "2026"]
[BlackElo "2517"]
[Annotator "TA"]
[PlyCount "50"]
[EventDate "2019.03.22"]
[EventType "swiss"]
[EventCountry "UAE"]
[SourceTitle "playchess.com"]
[Source "ChessBase"]
[SourceQuality "1"]

{[%evp 9,50,18,19,27,27,23,19,15,33,-12,45,45,49,36,62,18,18,0,0,0,0,0,0,0,0,-2,0,-43,-33,-199,-187,-415,-414,-410,-403,-389,-395,-720,-754,-737,-741,-741,-732]} 1. d4 Nc6 2. c4 e5 3. d5 Nce7 4. Nf3 (4. Nc3 Ng6 5. a3 f5 6. e4 fxe4 7. Nxe4 Nf6 8. Bg5 d6 9. Bd3 Be7 10. Bxf6 gxf6 11. Ng3 Nf4 12. Bf5 Bxf5 13. Nxf5 {0-1 (27) Batsiashvili,N (2498)-Harikrishna,P (2743) Doha 2015 CBM 170 [Schulz,André]}) 4... Ng6 5. g3 Bc5 6. Bg2 {A40: Unusual replies to 1 d4} d6 $146 ({Predecessor:} 6... Nf6 7. O-O d6 8. Nc3 a5 9. Ne1 O-O 10. Nd3 Ba7 11. e4 c6 {½-½ (23) Marodi,M (2144)-Clech,J (2085) Budapest 2005}) 7. O-O a5 8. Nc3 {The position is equal.} f5 9. e4 Nf6 (9... f4 $1 $11) 10. exf5 $14 Bxf5 11. Ng5 Qe7 12. Nge4 Nxe4 13. Bxe4 O-O 14. Bxf5 Rxf5 15. Ne4 Raf8 16. Qe2 b6 17. Kg2 Rf3 18. Be3 Qd7 {...Qg4 is the strong threat.} 19. Ng5 $2 ({White should try} 19. Kh1 $15) 19... Qg4 $1 $19 20. Nxf3 $2 {[#]} (20. Kh1 Rxg3 21. Qxg4 Rxg4 22. Ne6) 20... Nh4+ $1 21. Kh1 Nxf3 22. Rg1 {[#]} ({And not} 22. Bxc5 Qh5 $19) 22... Rf5 $1 23. Bxc5 $2 (23. Rae1 Bxe3 24. fxe3) 23... Rh5 {[%csl Gf3][%cal Rh5h2] Black is clearly winning.} 24. Rg2 e4 25. Bxd6 cxd6 {Precision: White = 37%, Black = 67%.} 0-1

[Event "3rd Sharjah Masters 2019"]
[Site "Sharjah"]
[Date "2019.03.22"]
[Round "1.31"]
[White "Stany, G.A."]
[Black "Tereshechkina, Maya"]
[Result "1-0"]
[WhiteElo "2507"]
[BlackElo "2018"]
[Annotator "TA"]
[PlyCount "51"]
[EventDate "2019.03.22"]
[EventType "swiss"]
[EventCountry "UAE"]
[SourceTitle "playchess.com"]
[Source "ChessBase"]
[SourceQuality "1"]

{[%evp 12,51,19,11,27,18,28,8,12,0,0,0,0,0,6,0,26,18,27,0,77,68,72,69,160,160,177,169,206,192,291,281,316,322,383,327,372,380,377,370,360,352]} 1. e4 c5 2. Nf3 Nc6 3. Bb5 g6 4. Bxc6 dxc6 5. d3 b6 6. h3 Bg7 7. Nc3 Nh6 {B31: Sicilian: 2...Nc6 3 Bb5 g6} 8. Be3 f6 9. O-O (9. a4 a5 10. d4 cxd4 11. Qxd4 Qxd4 12. Nxd4 Bd7 13. O-O-O Nf7 14. f4 {0-1 (21) Wen,Y (2581)-Matlakov,M (2704) Qinhuangdao 2018}) 9... Nf7 {The position is equal.} 10. Re1 e5 11. a3 O-O $146 ({Predecessor:} 11... a5 12. Na4 Rb8 13. Qd2 O-O 14. b4 cxb4 15. axb4 {½-½ (52) Dmitriev,I (2450)-Zambor,N (2155) Litomysl 1995}) 12. b4 $36 {[%mdl 2048] White has good play.} cxb4 13. axb4 f5 14. exf5 gxf5 {[#] ...e4 is the strong threat.} 15. Ra3 f4 (15... Re8 $11 {remains equal.}) 16. Bd2 Bf5 17. Ne4 Nd6 ({Black should play} 17... Qd7 $14) 18. Nxd6 $16 Qxd6 19. Bc3 Qg6 {[#] Threatens to win with ...Bxh3.} 20. Kh2 (20. Bxe5 $6 Bxh3 21. Nh4 Qg4 $14) ({Much less strong is} 20. Nxe5 Bxe5 21. Rxe5 (21. Bxe5 Bxh3 22. Qf3 {[%mdl 64] Double Attack} Bg4 $16) 21... Bxh3 $16) 20... Rfe8 (20... Be6 $142 21. Nxe5 Bxe5 22. Rxe5 (22. Bxe5 Bd5 $18) 22... Rf7) 21. Nxe5 $18 ({But not} 21. Bxe5 $6 Re7 $18) 21... Qd6 {[%cal Rg7e5]} 22. Nc4 Qc7 23. Bxg7 Qxg7 24. Rxe8+ {White is winning.} Rxe8 25. Nd6 Re5 26. Qf3 {Accuracy: White = 70%, Black = 26%.} 1-0

[Event "3rd Sharjah Masters 2019"]
[Site "Sharjah"]
[Date "2019.03.22"]
[Round "1.32"]
[White "Sri Sai Baswanth P"]
[Black "Arencibia Rodriguez, Walter"]
[Result "1/2-1/2"]
[WhiteElo "2018"]
[BlackElo "2506"]
[Annotator "TA"]
[PlyCount "73"]
[EventDate "2019.03.22"]
[EventType "swiss"]
[EventCountry "UAE"]
[SourceTitle "playchess.com"]
[Source "ChessBase"]
[SourceQuality "1"]

{[%evp 9,73,-15,-6,-6,37,10,43,50,33,0,0,-16,-11,-12,0,-67,-27,-36,-41,-43,-39,-30,0,-39,-41,-33,19,0,0,0,5,-22,-16,-7,0,0,0,0,0,0,0,0,0,0,0,0,0,0,0,0,0,0,0,0,17,-50,0,0,0,-65,-29,-31,46,37,46,51]} 1. e4 c5 2. Nf3 e6 3. d3 Nc6 4. g3 d5 5. Qe2 Nge7 6. Bg2 {C00: French: Unusual White 2nd moves} d4 (6... g6 7. h4 h5 8. O-O Bg7 9. e5 Nf5 10. c3 b6 11. Bg5 Qc7 12. Re1 Ba6 13. a4 Nh6 14. Na3 Ng4 {0-1 (40) Carlsen,M (2834)-Spoelman,W (2578) chess.com INT 2018}) 7. e5 b6 8. O-O Bb7 9. Na3 Nd5 10. Bd2 $146 ({Predecessor:} 10. Bg5 Qd7 11. Rfe1 h6 12. Bd2 {1-0 (67) Nuding,M (2029)-Meier,V (2242) Nuremberg 2011}) 10... Be7 11. h4 h6 12. h5 (12. c4 $11 dxc3 13. bxc3) 12... Qd7 13. Nc4 b5 14. Na5 Nxa5 15. Bxa5 Nb6 16. Nd2 Bxg2 17. Kxg2 Qd5+ (17... Nd5 $15) 18. Qf3 Qxf3+ 19. Kxf3 Kd7 20. b3 Nd5 21. Kg2 Rhc8 22. Nf3 Rc6 23. Bd2 Ra6 24. a3 Rc8 25. Rfb1 Kc6 26. Re1 Nb6 27. Re4 Kd7 28. Rg4 Bf8 $1 29. Re4 Ke8 30. Ree1 Be7 31. Reb1 Kd7 32. b4 (32. a4 $11) 32... Kc6 33. bxc5 Bxc5 34. Bc1 (34. Rh1 $11) 34... Na4 35. Bd2 Rb6 (35... Nc3 $15 36. Bxc3 dxc3) 36. Re1 $14 Rb7 37. Re4 {Accuracy: White = 65%, Black = 40%.} 1/2-1/2

[Event "3rd Sharjah Masters 2019"]
[Site "Sharjah"]
[Date "2019.03.22"]
[Round "1.33"]
[White "Sindarov, Javokhir"]
[Black "Shahil Dey"]
[Result "1-0"]
[WhiteElo "2505"]
[BlackElo "2007"]
[Annotator "TA"]
[PlyCount "105"]
[EventDate "2019.03.22"]
[EventType "swiss"]
[EventCountry "UAE"]
[SourceTitle "playchess.com"]
[Source "ChessBase"]
[SourceQuality "1"]

{[%evp 19,105,50,70,30,29,16,80,45,46,40,50,48,92,92,93,76,75,64,94,90,72,81,92,76,129,139,119,89,99,16,12,13,17,18,18,10,11,0,0,-8,-8,-12,0,0,0,0,0,0,19,29,90,97,114,114,414,406,382,367,899,735,856,816,699,784,828,704,823,841,768,739,869,869,749,641,2910,2983,2807,2425,2222,1775,5704,5241,29985,29986,29986,29987,29987,29988]} 1. e4 c5 2. Nf3 e6 3. Nc3 a6 4. g3 Nc6 5. Bg2 g6 6. d4 cxd4 7. Nxd4 Bg7 8. Be3 Nge7 9. O-O O-O 10. Nxc6 Nxc6 11. Bc5 {B40: Sicilian: 2...e6, Unusual lines} (11. Na4 b5 12. Nb6 Rb8 13. Nxc8 Rxc8 14. c3 d6 15. Qe2 Na5 16. Rfd1 Qc7 17. Bd4 Rfd8 18. Bxg7 Kxg7 19. Rd4 Nc4 20. a4 Na5 21. Rb4 Nc6 22. Rb3 Na5 23. Rb4 Nc6 24. Rb3 Na5 {½-½ (24) Muse,D (2408)-Zaragatski,I (2510) Germany 2014}) 11... Re8 12. Bd6 Qa5 (12... Ne5 $11 {remains equal.}) 13. Re1 {White is better.} Ne5 $146 ({Predecessor:} 13... Bxc3 14. bxc3 e5 15. Re3 b5 16. Qd2 Qd8 17. Rd3 Na5 18. f4 Nc4 {1-0 (26) Felix,V (2265)-Skomorokhin,R Sumperk 1990}) 14. a4 Nc4 15. e5 Nxd6 16. Qxd6 Bf8 {[#]} 17. Qd4 $1 Qb4 18. Rad1 (18. Qxb4 {looks sharper.} Bxb4 19. Red1 f5 20. Rd4 Ba5 21. Rc4) 18... Rd8 19. Ne4 Qxd4 20. Rxd4 Rb8 21. Nd6 (21. c3 {is interesting.} b5 22. a5 b4 23. c4 Kg7 24. Nd6) 21... Bxd6 ({Better is} 21... a5) 22. Rxd6 $16 ({Much weaker is} 22. exd6 $6 b6 $11) 22... b6 {[%cal Bb7b6,Bb6b5][%mdl 32]} 23. Re4 a5 24. Red4 (24. c4 $16) 24... b5 $1 $11 25. b3 Bb7 26. Bf1 Bc6 27. axb5 Bxb5 28. Bg2 {Threatens to win with c4.} Rdc8 29. Be4 $36 {[%mdl 2048] White has good play.} Rc3 30. f4 Bc6 31. Bxc6 $1 dxc6 {[%mdl 4096] Endgame KRR-KRR} 32. Rd2 Rb5 33. R6d3 Rxd3 (33... Rbc5 {with more complications.} 34. Rxc3 Rxc3 35. Kf1 h5 36. Ke1 Kg7) 34. Rxd3 {KR-KR} Rc5 (34... g5 $11) 35. c4 $16 a4 36. bxa4 Rxc4 $2 {[%mdl 8192] [#]} (36... f6 $16 37. Kg2 (37. exf6 Kf7 $16) 37... fxe5) 37. Ra3 $1 $18 Rb4 38. a5 {[%cal Ba4a5,Ba5a6][%mdl 32]} Rb7 $2 (38... c5 39. a6 Rb8) 39. a6 Ra7 40. Kf2 Kf8 41. Ke3 Ke7 42. Kd4 Kd7 43. Kc5 Kc7 44. g4 Ra8 45. a7 Kb7 46. Kd6 Rd8+ 47. Ke7 {[%mdl 64] Double Attack} Ra8 48. Kxf7 c5 49. Kxe6 Kc6 50. f5 gxf5 51. gxf5 {White mates.} c4 52. f6 Kb5 53. f7 {Accuracy: White = 68%, Black = 37%.} 1-0

[Event "3rd Sharjah Masters 2019"]
[Site "Sharjah"]
[Date "2019.03.22"]
[Round "1.34"]
[White "Sanskriti Goyal"]
[Black "Nasanjargal, Urtnasan"]
[Result "0-1"]
[WhiteElo "2006"]
[BlackElo "2503"]
[Annotator "TA"]
[PlyCount "52"]
[EventDate "2019.03.22"]
[EventType "swiss"]
[EventCountry "UAE"]
[SourceTitle "playchess.com"]
[Source "ChessBase"]
[SourceQuality "1"]

{[%evp 10,52,62,17,46,-23,35,16,10,15,16,9,15,3,14,0,13,-46,10,-9,58,-42,-39,-39,-44,-45,-45,-45,-41,-52,-39,-106,-100,-141,-152,-209,-200,-347,-361,-454,-383,-627,-627,-753,-655]} 1. d4 g6 2. c4 Bg7 3. Nc3 d6 4. e4 e5 5. d5 f5 6. Bd3 Nf6 {A42: Modern Defence: Averbakh Variation} 7. Qc2 (7. exf5 $14 gxf5 8. Bc2) (7. exf5 gxf5 8. Qc2 Qd7 9. Nh3 Na6 10. a3 Nc5 11. Be2 a5 12. Be3 h6 13. O-O {0-1 (27) Flom,G (2448)-Onischuk,V (2623) Bastia 2017}) 7... fxe4 (7... O-O $11) 8. Nxe4 Nxe4 {The position is equal.} 9. Bxe4 Nd7 10. Nf3 O-O 11. O-O Nc5 12. Bg5 Qe8 13. Rfe1 $146 (13. Nd2 $11) ({Predecessor:} 13. Nd2 a5 14. Rac1 {½-½ (45) Chan,W (1924)-Nguyen,T (2334) Kolkata 2009}) 13... b5 ({Black should try} 13... Nxe4 $15 14. Qxe4 h6) 14. Rac1 Bb7 (14... Nxe4 $11 15. Qxe4 h6) 15. Qd2 ({White should play} 15. Nd2 $14) 15... bxc4 $15 16. Rxc4 Nxe4 17. Rcxe4 Qf7 18. Rd1 c6 19. dxc6 Bxc6 20. Re3 {[#]} (20. Ree1 $15) 20... e4 $1 $36 {[%cal Re4f3][%mdl 2048] Black is in control.} 21. Ne1 d5 {Hoping for ...d4.} 22. Ra3 (22. Rc3 $17 Bxc3 23. bxc3) 22... Rab8 $19 {[%cal Ba8b8,Bb8b5,Bb5f5][%mdl 32]} 23. Rb1 (23. Rc3 $142 Bxc3 24. bxc3) 23... d4 24. Nc2 Rb5 {Threatens to win with ...Rxg5!} 25. Bh4 $2 {[#]} (25. Nxd4 Bxd4 26. Be3 Bxe3 27. Qxe3) 25... e3 $1 {[%mdl 512]} 26. fxe3 Rf5 {Accuracy: White =  4%, Black = 64%.} 0-1

[Event "3rd Sharjah Masters 2019"]
[Site "Sharjah"]
[Date "2019.03.22"]
[Round "1.35"]
[White "Harsha Bharathakoti"]
[Black "Mohammed, Dilshad"]
[Result "1/2-1/2"]
[WhiteElo "2497"]
[BlackElo "2006"]
[Annotator "TA"]
[PlyCount "77"]
[EventDate "2019.03.22"]
[EventType "swiss"]
[EventCountry "UAE"]
[SourceTitle "playchess.com"]
[Source "ChessBase"]
[SourceQuality "1"]

{[%evp 16,77,26,18,14,14,17,19,58,57,64,45,73,52,86,98,100,48,64,11,54,52,54,63,86,70,69,93,84,47,40,36,40,20,23,19,79,81,68,62,122,104,107,-74,-63,-69,0,0,0,0,0,0,0,0,0,0,0,0,0,0,0,0,0,-654]} 1. d4 d5 2. c4 e6 3. Nf3 Nf6 4. Bg5 Be7 5. e3 Nbd7 6. Nc3 h6 7. Bh4 O-O 8. Qc2 dxc4 9. Bxc4 a6 {D61: Queen's Gambit Declined: Classical: 7 Qc2} 10. a4 (10. Rd1 b5 11. Be2 Bb7 12. a3 Rc8 13. b4 a5 14. O-O axb4 15. axb4 Bxb4 16. Nxb5 Be7 17. Na7 {½-½ (51) Matsenko,S (2537)-Mirzoev,A (2523) Panevezys 2016}) 10... c5 11. Rd1 Qa5 12. O-O cxd4 13. Rxd4 $146 ({Predecessor:} 13. Nxd4 Ne5 {1-0 (13) Perez Felipe,M (2136)-Alvarez Alonso,A (1944) San Cristobal de La Laguna 2018}) 13... Re8 14. Rfd1 Ne5 15. Nxe5 Qxe5 16. Bg3 (16. Ne4 $16) 16... Qa5 $14 17. Bd6 (17. Ba2 $14) 17... Bd7 18. b4 $1 {[%cal Rb4a5]} Qb6 19. a5 Qa7 20. Bxe7 Rxe7 21. Ne4 Nxe4 22. Rxd7 Rxd7 23. Rxd7 Nf6 24. Rc7 Qb8 25. Bb3 b6 (25... Qf8 $11 {keeps the balance.}) 26. Qc6 $16 bxa5 27. bxa5 Qd8 ({Black should play} 27... Ne8 $1 $14 28. Rb7 Qc8) 28. h3 {Hoping for Rxf7!} Rb8 {[#]} 29. Kh2 $2 {[#]} (29. g3 $1 $16 {is necessary to keep the advantage.}) 29... Ne8 $1 $36 {[%cal Re8c7][%mdl 2048] Black is pushing.} ({Don't blunder} 29... Rxb3 $2 30. Rc8 $18) 30. Rd7 Qf6 (30... Qxa5 $15 31. Re7 (31. Rxf7 Qb6 $15) 31... Qb5) 31. Bc4 $11 {Black must now prevent f4.The position is equal.} Qxf2 {[#]} 32. Rxf7 $1 {[%mdl 576] Remove Defender} Kxf7 (32... Qxf7 33. Bxe6) 33. Qxe6+ Kf8 {Threatens to win with ...Qf6.} 34. Qg8+ $1 Ke7 35. Qe6+ Kf8 {aiming for ...Qf6.} 36. Qg8+ $1 Ke7 37. Qe6+ Kd8 38. Qd5+ Kc7 $1 39. Qe6 $2 {[%mdl 40960] Accuracy: White = 60%, Black = 48%. . An unexpected result.} (39. Qc5+ $11 Kd7 40. Qa7+ {[%mdl 64] Double Attack} Nc7 41. Qxb8) 1/2-1/2

[Event "3rd Sharjah Masters 2019"]
[Site "Sharjah"]
[Date "2019.03.22"]
[Round "1.36"]
[White "Krithigga K"]
[Black "Karthik Venkataraman"]
[Result "0-1"]
[WhiteElo "2002"]
[BlackElo "2494"]
[Annotator "TA"]
[PlyCount "114"]
[EventDate "2019.03.22"]
[EventType "swiss"]
[EventCountry "UAE"]
[SourceTitle "playchess.com"]
[Source "ChessBase"]
[SourceQuality "1"]

{[%evp 9,114,4,18,4,9,1,10,0,34,27,33,28,22,20,20,14,41,38,33,29,43,8,8,0,0,0,0,-4,18,0,54,-4,0,0,51,0,0,0,0,0,0,-26,0,0,0,-80,0,0,0,-8,0,0,0,0,0,0,12,-193,-171,-445,-475,-435,-440,-467,-472,-449,-421,-414,-405,-536,-533,-512,-404,-594,-522,-522,-519,-470,-445,-594,-587,-580,-580,-565,-404,-592,-589,-581,-567,-639,-639,-639,-542,-632,-632,-1081,-1080,-1072,-1001,-6087,-6091,-5435,-5351,-5151,-5150,-5124,-5120]} 1. c4 Nf6 2. g3 e5 3. Bg2 c6 4. d4 e4 5. Nc3 d5 6. cxd5 {A20: English Opening: 1...e5} (6. Bg5 Bb4 7. Qb3 Bxc3+ 8. Qxc3 O-O 9. f3 dxc4 10. Bxf6 Qxf6 11. fxe4 c5 12. e5 cxd4 13. exf6 dxc3 14. fxg7 {½-½ (40) McShane,L (2647)-Anand,V (2783) Germany 2018}) 6... cxd5 7. Bg5 Bb4 8. Rc1 {The position is equal.} Nc6 9. e3 h6 10. Bxf6 $1 Qxf6 (10... gxf6 11. Nh3 $16) 11. Qb3 $146 ({Predecessor:} 11. Nge2 Bg4 12. Qb3 Bxe2 13. Kxe2 Bxc3 14. Rxc3 {1-0 (41) Loeschnauer,R (2372)-Piculjan,N (2428) ICCF email 2004}) 11... Qd6 12. a3 Ba5 13. Nge2 O-O 14. O-O Rd8 15. Nf4 {[%cal Rf4d5]} Bxc3 16. Rxc3 g5 17. Ne2 Bg4 18. Qc2 Bf3 19. b4 Kg7 (19... Qe6 $11) 20. Nc1 (20. Bxf3 $1 $14 exf3 21. Nc1) 20... Qf6 21. Nb3 h5 ({Better is} 21... Bxg2 $11 22. Kxg2 Rac8) 22. Rc1 (22. Bxf3 $14 Qxf3 23. Qd1) 22... Bxg2 $11 23. Kxg2 h4 {White must now prevent ...Qf3+.} 24. Qe2 Ne7 {[%cal Bc6e7,Be7g6,Bg6h4][%mdl 32]} 25. Rc7 b6 26. Qg4 {Threatening gxh4.} Rh8 27. Rd7 (27. Nd2 $1 $11 {was the only way to keep the balance.}) 27... hxg3 (27... Rac8 $17 28. Kg1 (28. Rxa7 hxg3 29. Qxg3 Ng6 $17) (28. Rxc8 h3+ 29. Kg1 Rxc8 $15) 28... hxg3 29. Qxg3 Nf5) 28. Qxg3 Ng6 {Threatens to win with ...Rac8.} 29. Nd2 $132 {[%mdl 2048] White is fighting back} (29. Rxd5 $2 Nh4+ 30. Kf1 Nf5 $17) 29... Nh4+ 30. Kg1 Rac8 31. Rcc7 Rxc7 32. Rxc7 Ng6 33. Rd7 $2 ({But not} 33. Rxa7 Rc8 $11) (33. f3 $11 Rh4 34. fxe4 (34. Rxa7 Qf5 $14) 34... dxe4 35. Nc4 (35. Rxa7 Qf5 $17)) 33... Qf5 $1 $19 {[%cal Rf5d7]} 34. Rxa7 $2 (34. Rd6) 34... Rh3 35. Qg2 Nh4 36. Qf1 Nf3+ 37. Nxf3 exf3 {[%mdl 4096] Endgame KQR-KQR} ({Inferior is} 37... Qxf3 38. Qg2 $11) 38. Kh1 {[#]} Rh4 $1 39. Re7 {[#] Black should prevent Re5.} Rg4 $1 {[%cal Rg4g2]} 40. Re5 Qh7 41. h3 (41. a4 $142) 41... Rg2 42. Qxg2 fxg2+ 43. Kxg2 {KQ-KR} Kf6 44. a4 Qb1 45. a5 Qxb4 46. axb6 Qxb6 {Strongly threatening ...Qd8.} 47. Rxd5 (47. h4 $142) 47... Qc6 {Black is clearly winning.} 48. e4 {intending Rd6+!} Qc2 49. Rd6+ Ke7 50. e5 Qe4+ 51. Kg1 Qf3 52. Rf6 Qd1+ 53. Kh2 Qxd4 54. Rf5 Qe4 55. Rxg5 Qf4+ {[%mdl 64] Double Attack} 56. Rg3 Qxf2+ 57. Rg2 Qf4+ {Accuracy: White = 34%, Black = 65%.} 0-1